| 000 | 01317nam0a2200337 4500 | ||
|---|---|---|---|
| 001 | RU\NLR\BIBL_A\011323169 | ||
| 005 | 20260408203403.0 | ||
| 010 |
_a978-5-4444-5657-6 _9800 |
||
| 021 |
_aRU _b2017-1110 _984 |
||
| 035 | _a(NLR Aleph) 011323169 | ||
| 090 |
_a11091054 _c11091054 |
||
| 100 | _a20170208d2017 |||y0rusy50 ca | ||
| 101 | 1 |
_arus _cger |
|
| 102 | _aRU | ||
| 105 | _aac z|||000cy | ||
| 200 | 1 |
_aПоворот под Москвой _fКлаус Рейнгардт _g[пер. с нем. Г.М. Иваницкого] |
|
| 210 |
_aМосква _cВече _d2017 |
||
| 215 |
_a396, [19] с. _cил., портр. _d21 |
||
| 225 | 1 | _aВоенно-историческая библиотека | |
| 320 | _aБиблиогр. в примеч. в конце кн. | ||
| 606 | 1 |
_aВеликая Отечественная война _xВоенные операции немецкие _z1941 - 1945 _z1941 - 1942 _92245128 _3RU\NLR\AUTH\661346966 |
|
| 607 |
_aГермания _xВоенная экономика _z1941 - 1942 _92601367 _3RU\NLR\AUTH\661537925 |
||
| 686 | 1 | _aТ3(2)722.1 | |
| 686 | 1 | _aЦ35(2)722.2 | |
| 686 | 1 | _aЦ.к(4Г)4 | |
| 700 | 1 |
_aРейнгардт _bК. _gКлаус _4070 |
|
| 942 | _cBOOK | ||
| 980 | _aNBR | ||
| 980 | _aNB | ||